[Event "Mediterranean op 3rd"]
[Site "Rijeka"]
[Date "2009.11.30"]
[Round "4"]
[White "Antunovic, Ivo"]
[Black "Juretic, Boris"]
[Result "1-0"]
[WhiteElo "2132"]
[BlackElo "1857"]
[PlyCount "77"]
[EventDate "2009.11.27"]
[EventType "swiss"]
[EventRounds "9"]
[EventCountry "CRO"]
[SourceTitle "CBM 133 Extra"]
[Source "ChessBase"]
[SourceDate "2010.01.05"]
[SourceVersion "1"]
[SourceVersionDate "2010.01.05"]
[SourceQuality "1"]

1. Nf3 d5 2. g3 Nf6 3. Bg2 Nc6 4. 0-0 e5 5. d3 Be7 6. Na3 0-0 7. c4 d4 8. Nc2 Re8 9. Rb1 a5 10. a3 Rb8 11. b4 axb4 12. Nxb4 Bxb4 13. axb4 Bd7 14. b5 Na5 15. Bd2 c5 16. Ra1 b6 17. Bxa5 bxa5 18. Nd2 Bf5 19. Nb3 Qc7 20. Nxa5 e4 21. Nc6 Ra8 22. Qc2 g5 23. Rxa8 Rxa8 24. dxe4 Bg6 25. f3 Ra3 26. Qb2 Rc3 27. Rc1 Re3 28. Qa2 Kg7 29. e5 Nd7 30. f4 g4 31. Kf2 Be4 32. Bxe4 Rxe4 33. Qc2 f5 34. Ra1 Kf7 35. Ra7 Qc8 36. Qa4 Ke6 37. b6 Qe8 38. Nb8 Nf6 39. Qxe8+ 1-0

[Event "Rijeka op"]
[Site "Rijeka"]
[Date "2007.12.02"]
[Round "9"]
[White "Klasan, Elvis"]
[Black "Juretic, Boris"]
[Result "1-0"]
[WhiteElo "2082"]
[BlackElo "1894"]
[PlyCount "59"]
[EventDate "2007.11.25"]
[EventType "swiss"]
[EventRounds "9"]
[EventCountry "CRO"]
[SourceTitle "CBM 121 Extra"]
[Source "ChessBase"]
[SourceDate "2008.01.10"]
[SourceVersion "1"]
[SourceVersionDate "2008.01.10"]
[SourceQuality "1"]

1. b4 e5 2. Bb2 d6 3. e3 Bf5 4. Qf3 Qc8 5. Bc4 Nf6 6. Qd1 d5 7. Bb3 Nbd7 8. a3 Bd6 9. Nc3 c6 10. Nce2 0-0 11. Ng3 Be6 12. Nf3 h6 13. 0-0 Qc7 14. Nh4 g6 15. d3 Bg4 16. Qd2 e4 17. dxe4 Nxe4 18. Nxe4 Bxh2+ 19. Kh1 dxe4 20. g3 Bxg3 21. fxg3 Qxg3 22. Qf2 Qh3+ 23. Kg1 Be6 24. Rad1 Bxb3 25. cxb3 Qg4+ 26. Kh2 g5 27. Rxd7 f6 28. Nf5 Qh5+ 29. Kg3 Rf7 30. Rxf7 1-0

[Event "Kostrena op"]
[Site "Kostrena"]
[Date "2004.08.31"]
[Round "6"]
[White "Juretic, Boris"]
[Black "Hirneise, Tobias"]
[Result "1/2-1/2"]
[WhiteElo "1928"]
[BlackElo "1977"]
[PlyCount "76"]
[EventDate "2004.08.26"]
[EventType "swiss"]
[EventRounds "9"]
[EventCountry "CRO"]
[SourceTitle "CBM 102 Extra"]
[Source "ChessBase"]
[SourceDate "2004.11.03"]
[SourceVersion "1"]
[SourceVersionDate "2004.11.03"]
[SourceQuality "1"]

1. e4 e6 2. f4 c5 3. Nf3 d5 4. e5 Nc6 5. c4 f6 6. cxd5 exd5 7. Bb5 Bg4 8. 0-0 Qb6 9. Qa4 Bxf3 10. Rxf3 Nge7 11. d4 0-0-0 12. dxc5 Qxc5+ 13. Be3 d4 14. Bd2 d3+ 15. Kh1 Rd4 16. Qb3 fxe5 17. Bxd3 Rd8 18. Be4 Rd4 19. Be3 Qb6 20. Qxb6 Rd1+ 21. Bg1 axb6 22. g3 exf4 23. Kg2 fxg3 24. hxg3 Ng6 25. Rf1 Rxf1 26. Kxf1 Bd6 27. Kg2 Bc7 28. Nc3 Nge5 29. Nd5 Rd8 30. Rf1 g6 31. Nxb6+ Bxb6 32. Bxb6 Rd2+ 33. Rf2 Rxf2+ 34. Kxf2 Nc4 35. Bxc6 Nxb6 36. Bb5 Kc7 37. Bd3 Na4 38. b4 Nc3 1/2-1/2

[Event "Kostrena op"]
[Site "Kostrena"]
[Date "2004.08.29"]
[Round "4"]
[White "Juretic, Boris"]
[Black "Mijatovic, Vladimir"]
[Result "0-1"]
[WhiteElo "1928"]
[BlackElo "2158"]
[PlyCount "26"]
[EventDate "2004.08.26"]
[EventType "swiss"]
[EventRounds "9"]
[EventCountry "CRO"]
[SourceTitle "CBM 102 Extra"]
[Source "ChessBase"]
[SourceDate "2004.11.03"]
[SourceVersion "1"]
[SourceVersionDate "2004.11.03"]
[SourceQuality "1"]

1. e4 c5 2. f4 e6 3. Nf3 Nc6 4. Nc3 d5 5. e5 Nge7 6. Bb5 Bd7 7. d3 Nf5 8. Ne2 Qa5+ 9. Nc3 d4 10. 0-0 dxc3 11. Bxc6 Bxc6 12. bxc3 Qxc3 13. Bd2 Qa3 0-1